00463nam a2200181 a 450000100060000000300090000600800410001502000150005604000280007108200160009910000180011524500390013325000070017226000520017930000110023165000200024265000190026218770CO-ViMGA141112s2004 ck r 000 u spa d a8478886648 aCO-ViMGAbspacCO-ViMGA04a823.91 R6851 aRowling, J.K.10aHarry Potter y el cáliz de fuego a11 aBarcelona : bEdiciones Salamandra S.A., c2002 a635 p.14aMAGIA - NOVELAS14aNOVELA INGLESA